000 00724nam a2200229Ia 4500
003 GCL
008 140319s9999 xx 000 0 ara d
020 _a8767341977
040 _aGCL /
_cGCL
082 0 4 _a189
_bع ن
100 1 _aعلى سامى النشار
245 1 0 _aنشاة الفكر الفلسفى فى الاسلام /
_cعلى سامى النشار
250 _aالثامنة
260 _aالقاهرة :
_bدار المعارف ،
_c1981
300 _a572ص ؛
_c24سم
650 0 4 _aالفلسفة الاسلامية
650 0 4 _aالفرق الاسلامية
650 0 4 _aالسنة النبوية
650 0 4 _aالمعتزلة
650 0 4 _aالفكر الفلسفى
942 _2ddc
_cBK
999 _c53264
_d53264